[Event "Mittelrhein Verbandsliga-W 18/19"]
[Site "Nordrheinwestfalen"]
[Date "2018.10.28"]
[Round "3.1"]
[White "Kleinen, Sandro"]
[Black "Meissner, Thomas"]
[Result "1-0"]
[WhiteElo "2022"]
[BlackElo "1953"]
[PlyCount "93"]
[EventDate "2018.09.02"]
[EventType "team-tourn"]
[EventRounds "11"]
[EventCountry "GER"]
[SourceTitle "EXT 2022"]
[Source "ChessBase"]
[SourceDate "2021.10.06"]
[SourceVersion "1"]
[SourceVersionDate "2021.10.06"]
[SourceQuality "1"]
[WhiteTeam "Uebach Palenberg"]
[BlackTeam "Brand SF"]
[WhiteTeamCountry "GER"]
[BlackTeamCountry "GER"]

1. e4 c5 2. Nc3 Nc6 3. f4 g6 4. Nf3 Bg7 5. g3 d6 6. Bg2 e5 7. d3 Nge7 8. 0-0 0-0 9. Ne2 d5 10. c3 dxe4 11. dxe4 Qxd1 12. Rxd1 Be6 13. Be3 b6 14. Kf2 Rfd8 15. b3 Bf6 16. fxe5 Nxe5 17. Nxe5 Bxe5 18. Bf4 f6 19. Bxe5 fxe5 20. Ng1 Kg7 21. Nf3 Kf6 22. Ke3 Bg4 23. Rf1 Bxf3 24. Rxf3+ Kg7 25. Raf1 Rf8 26. Rxf8 Rxf8 27. Rxf8 Kxf8 28. Kd3 b5 29. a3 Nc6 30. Bh3 Ke7 31. Bc8 a5 32. Ba6 Na7 33. a4 c4+ 34. bxc4 bxa4 35. c5 Kd7 36. Bb7 Nc6 37. Kc4 Nb8 38. Kb5 Kc7 39. Bd5 a3 40. Kxa5 Nd7 41. Kb4 Nf6 42. Kxa3 Ng4 43. h3 Nf2 44. h4 h5 45. Kb4 Nh1 46. Bf7 Nxg3 47. Bxg6 1-0